| 000 | 00646nam a2200181 4500 | ||
|---|---|---|---|
| 008 | 010720s1996 us 0 engYA | ||
| 020 | _a0385412681 | ||
| 090 |
_aBS192.2 _bAn2 _bOba |
||
| 100 | 1 | _aRaabe, Paul R. | |
| 730 | 0 | _aBible. O.T. Obadiah. English. Raabe. 1996. | |
| 245 | 1 | 0 |
_aObadiah : _ba new translation with introduction and commentary / _cby Paul R. Raabe |
| 260 |
_aNew York : _bDoubleday, _cc1996. |
||
| 300 | _axxvi, 310 p. | ||
| 490 | 1 |
_aThe Anchor Bible; _v24d |
|
| 504 | _aIncludes bibliographical references. | ||
| 650 | 4 |
_aBible. O.T. Obadiah _xCommentaries |
|
| 951 |
_p20758 _oBS192.2/An2/Oba _j070613110939015 _d2000-12-21 _cREF |
||
| 999 |
_c2541 _d2541 |
||